01012nabaa22002297a 4500999001500000003000400015005001700019008004100036040000700077100004100084245007900125300001300204500003700217505017300254505008900427650003200516650003300548650003200581650003500613773012100648942001300769 c6155d6155OSt20260123195233.0190701b xxu||||| |||| 00| 0 spa d cPJ 96905aDalla Lasta, Guillermo Rafael 13aEl derecho administrativo en la e-administración /cRafael Dalla Lasta.  ap. 90-98 aCita: TR LALEY AR/DOC/3184/2023  aSumario: I. Introducción.— II. Principios de la administración electrónica (e-administración).— III. TIC y Administración pública.— IV. Conclusiones.  t¿Te interesa el texto completo? Comunicate al correo: koha@justierradelfuego.gov.ar 09211aDERECHO ADMINISTRATIVO 096081aCIENCIA Y TECNOLOGÍA 09877aADMINISTRACION PUBLICA 093637aTUTELA JUDICIAL EFECTIVA0 0284293251dBuenos Aires : AbeledoPerrot, 2012-oDA121tDerecho administrativo. Nº 151 enero/febrero 2024z18510590 2udccANA